000 01133nam a2200301 a 4500
003 BLK
005 20240104102914.0
008 210215b bu |||||r|||| 00| | bu d
020 _a9782800158044
040 _aBLK
041 _aFRE
_cFRE
080 _aОснови на четенето. Методи на обучение в четенето
_b373.3.016:028.1
_z373.3.016:028.1
_9235999
080 _aИздания за деца и юноши. Книжки-картинки. Читанки. Вж и 372.4
_b087.5
_z087.5
_9231478
084 _aB 16
100 _9490249
_aBailly, Pierre
245 _aPetit poilu : l`alphabet
_cPierre Bailly, Celine Fraipont.
260 _aParis
_bDupuis
_c2012
_9213437
300 _a16 p.
_bс цв. ил
_c16x16 cm
380 _aDN
490 _9490250
_aMes premieres notions
500 _aКор. опис.
650 7 _9156309
_aИздания - за деца
700 _9490251
_aFraipont, Celine
852 _bД
_cДН 373.3.016:028/B 16 P
942 _cKNG
_n0
_s1
944 _cСевдалина Тодорова
_k30540
_lСевдалина Тодорова
999 _c499690
_d499690
999 _d499690